| 000 | 01080nam a22002175i 4500 | ||
|---|---|---|---|
| 001 | 154135 | ||
| 003 | ES-MaACL | ||
| 005 | 20250524063052.0 | ||
| 008 | 981007s1868 sp |||| | spa d | ||
| 100 | 1 |
_aFort, Carlos Ramón, _d1807-1878 _951833 |
|
| 245 | 1 | 0 |
_aDiscurso en elogio de Don José Cornide de Saavedra, secretario que fue de la Real Academia de la Historia : _bleído en la Junta pública que celebró este cuerpo a 7 de junio de 1868 / _cpor su individuo de número y bibliotecario Don Carlos Ramón Fort. |
| 260 |
_aMadrid : _b[s.n.], _c1868 ( _fImp. de José Rodriguez) |
||
| 300 |
_a63 p., [1] h. de lám. ; _c23 cm. |
||
| 530 | _aDisponible en formato digital. | ||
| 599 | _aLám.: retr. de. José Cornide. | ||
| 600 | 1 | 4 |
_aCornide, José ( _d1734-1803)- _xHomenajes. _9126584 |
| 710 | 2 |
_aReal Academia de la Historia (España) _96309 |
|
| 852 |
_aES-MaACL _jF-M-III-G _z- Enc. hol., falto de la enc. original |
||
| 856 |
_uhttp://biblioteca.galiciana.gal/es/consulta/registro.do?id=4777 _zBiblioteca Dixital de Galicia |
||
| 999 |
_c154135 _d154135 |
||